| 000 | 00823nam a2200265Ia 4500 | ||
|---|---|---|---|
| 003 | OSt | ||
| 005 | 20220927105316.0 | ||
| 006 | a|||||r|||| 00| 0 | ||
| 007 | ta | ||
| 008 | 220926b |||||||| |||| 00| 0 eng d | ||
| 020 | _a9789251056004 | ||
| 024 | _a174104 | ||
| 037 | _cReference Collections | ||
| 040 |
_aRTL _cRTL _beng |
||
| 041 |
_2eng _aeng |
||
| 082 | _a"X9(J3), P6/UN" | ||
| 110 |
_a"UNITED STATE ,FOOD AND AGRICULTURE ORGANITION" _9371576 |
||
| 245 | 0 |
_aState of food and agriculture _b Food aid for food security ? |
|
| 260 |
_aRome _bFAO _c2006 |
||
| 300 |
_a"xii,168p" _ccm. |
||
| 500 | _aBibliography P 155-62; Glossary P x-xi | ||
| 700 |
_a"UNITED STATE ,FOOD AND AGRICULTURE ORGANITION" _9371577 |
||
| 942 |
_h"X9(J3), P6/UN" _cCC |
||
| 999 |
_c691721 _d691721 |
||